| 000 | 00452cam a2200181ua 4500 | ||
|---|---|---|---|
| 020 | _cRs 1.50 | ||
| 041 |
_ahin _h |
||
| 082 |
_a891.54 _bSHR/BA |
||
| 100 | _aSriyut, Sudharshan . | ||
| 245 |
_aBachon ka hitopadesh / _cShriyut Sudarshan. _hTextual Documents |
||
| 250 |
_a1 / _b. |
||
| 260 |
_a : _bHindi Granth Ratnakar Pvt Ltd , _c1963. |
||
| 300 | _a114 ; . | ||
| 365 | _aRs 1.50 | ||
| 504 | _a | ||
| 942 | _cBK | ||
| 999 |
_c3659 _d3659 |
||